000 00578cam a22001934a 4500
005 20250605164402.0
008 250528s ||||||||||||||||||||||||d
035 _a24643
040 _aGR-AtMCL
_bgre
_dGR-AtMCL
_eAACR2
245 1 _aTrapanese / Captain Rosario - Training and Education Update 54
260 _c2019
300 _a104
520 _aThe Next Big Thing, Sink or Smile, Top of the List, Breakbulk Ports: Power Surge.
700 1 _aMunoz Tony
_99497
942 _cCR
710 2 _aThe Maritime Executive
_99838
999 _c9510
_d9510